00424nam a2200121 a 450000500170000000800410001705000180005810000240007624500420010026000430014299900190018595200980020420140414131856.0100828s19uu xx 00 eng d aFILbB46 2001 aVillanueva, Rene O. aBertdey ni Guido :bGuido's birthday. aManila, Philippines :bLampara,c2001. c110481d110481 001040aMUbMUcFILd2010-08-28l0oFIL B46 2001pM0896r2014-04-14 00:00:00w2014-04-14yBK